Języki Europy - Statystyki

Ogólne statystyki
  • Ten quiz został rozwiązany 32 razy
  • Średni wynik to 28 z 43
Statystyki odpowiedzi
Państwo Grupa językowa Rodzina Język % Poprawnych
Albania albańska indoeuropejska albański
92%
Kosowo albańska indoeuropejska albański
92%
Francja romańska indoeuropejska francuski
88%
Litwa bałtycka indoeuropejska litewski
88%
Łotwa bałtycka indoeuropejska łotewski
88%
Polska słowiańska indoeuropejska polski
88%
UK(Walia) brytańska indoeuropejska walijski
88%
UK germańska indoeuropejska angielski
83%
Irlandia celtycka indoeuropejska irlandzki
83%
Norwegia germańska indoeuropejska norweski
83%
UK(Szkocja) celtycka indoeuropejska szkocki
83%
Szwecja germańska indoeuropejska szwedzki
83%
Czechy słowiańska indoeuropejska czeski
79%
Dania germańska indoeuropejska duński
79%
Estoński ugro-fińska uralska estoński
79%
Grecja grecka indoeuropejska grecki
79%
Rosja słowiańska indoeuropejska rosyjski
79%
Rumunia romańska indoeuropejska rumuński
79%
Ukraina słowiańska indoeuropejska ukraiński
79%
Włochy romańska indoeuropejska włoski
79%
Białoruś słowiańska indoeuropejska białoruski
75%
Bułgaria słowiańska indoeuropejska bułgarski
75%
Finlandia ugro-fińska uralska fiński
75%
Hiszpania romańska indoeuropejska hiszpański
75%
Islandia germańska indoeuropejska islandzki
75%
Macedonia słowiańska indoeuropejska macedoński
75%
Niemcy germańska indoeuropejska niemiecki
75%
Słowacja słowiańska indoeuropejska słowacki
75%
Węgry ugro-fińska uralska węgierski
75%
Portugalia romańska indoeuropejska portugalski
71%
Słowenia słowiańska indoeuropejska słoweński
71%
Holandia germańska indoeuropejska niderlandzki
67%
Luksemburg germańska indoeuropejska luksemburski
54%
Włochy(Sardynia) romańska indoeuropejska sardyński
50%
Francja brytańska indoeuropejska bretoński
42%
Belgia germańska indoeuropejska flamandzki
42%
Holandia/Niemcy germańska indoeuropejska fryzyjski
21%
(Skandynawia) ugro-fińska uralska lapoński
17%
Niemcy południowe słowiańska indoeuropejska łużycki
17%
UK celtycka indoeuropejska mański/manx
17%
Serbia słowiańska indoeuropejska serbo-chorwacki
13%
Włochy/Szwajcaria romańska indoeuropejska retroromański
4%
Francja romańska indoeuropejska prowansalski
0%
Nie znaleziono quizów pasujących do podanych kryteriów
Rozkład punktacji
Procent ludzi z każdym wynikiem
Percentyl według liczby udzielonych odpowiedzi
Twoja historia wyników
Nie rozwiązałeś tego quizu